000 00822cam a22002771 4500
001 33651
003 BD-RjUL
005 20211209052034.0
008 140510r19641957enka b 001 0 eng
035 _a(BD-RjUL)33742
035 _a(OCoLC)1225198
040 _aDLC
_cFO
_dBD-RjUL
_beng
041 _aeng
082 0 0 _a301.2
_bMAN 1964
245 0 0 _aMan and culture :
_ban evaluation of the work of Bronislaw Malinowski /
260 _aLondon :
_bRoutledge & K. Paul
_cc1957 [Printing 1964].
300 _a292 p. :
_billus. ;
_c23 cm.
504 _aBibliography: p. 265-283.
504 _aIncludes index.
600 1 0 _aMalinowski, Bronislaw,
_d1884-1942.
_95789
650 0 _aEthnology.
_9102167
700 1 _aFirth, Raymond,
_d1901-2002.
_95945
942 _2ddc
_cBK
_01
999 _c33651
_d33651